Информационная система как эффективный инструмент ведения образовательной деятельности преподавателя ЮТИ ТПУ; Модернизация инженерного образования: проблемы и перспективы

Détails bibliographiques
Parent link:Модернизация инженерного образования: проблемы и перспективы.— 2008.— С. 46-50
Auteur principal: Важдаев А. Н. Андрей Николаевич
Langue:russe
Publié: 2008
Sujets:
Format: MixedMaterials Chapitre de livre
KOHA link:https://koha.lib.tpu.ru/cgi-bin/koha/opac-detail.pl?biblionumber=163524

MARC

LEADER 00000naa2a2200000 4500
001 163524
005 20231214134544.0
035 |a (RuTPU)RU\TPU\book\177421 
090 |a 163524 
100 |a 20090819d2008 k y0rusy50 ca 
101 0 |a rus 
102 |a RU 
200 1 |a Информационная система как эффективный инструмент ведения образовательной деятельности преподавателя ЮТИ ТПУ 
320 |a Библиогр.: 2 назв. 
463 0 |0 (RuTPU)RU\TPU\book\164866  |t Модернизация инженерного образования: проблемы и перспективы  |o труды VI Всероссийской научно-практической конференции, 5 ноября 2008 г., Юрга  |f Томский политехнический университет (ТПУ), Юргинский технологический институт (ЮТИ)  |v С. 46-50  |d 2008  |p 340 с. 
610 1 |a преподаватели 
610 1 |a информационные системы 
610 1 |a образование 
610 1 |a образовательная деятельность 
610 1 |a служебная информация 
610 1 |a труды учёных ТПУ 
700 1 |a Важдаев  |b А. Н.  |c специалист в области информатики и вычислительной техники  |c доцент, кандидат технических наук Юргинского технологического института (филиала) Томского политехнического университета  |f 1981-  |g Андрей Николаевич  |3 (RuTPU)RU\TPU\pers\24487  |9 10810 
801 1 |a RU  |b 63413507  |c 20090819 
942 |c BK